| 000 | 00464nam a2200169 4500 | ||
|---|---|---|---|
| 001 | 22625 | ||
| 005 | 20230410101953.0 | ||
| 008 | 060907n2004 dr spa | ||
| 035 | _9funglode22788 | ||
| 041 | _aES | ||
| 050 | 1 | 4 | _a118 F 1939 C172c 2004 |
| 100 | _aCamarena Gómez, Germán | ||
| 245 | 1 | 3 |
_aEl Cupey : _bhistoria y desarrollo / _cGermán Camarena Gómez |
| 260 |
_a[santo Domingo] : _bImp. F&M, _c2004 |
||
| 300 | _a103 p. | ||
| 942 |
_2lcc _cbk |
||
| 999 |
_c16657 _d16657 |
||